| 000 | 00692nam a2200229 u 4500 | ||
|---|---|---|---|
| 005 | 20240823063913.0 | ||
| 008 | 120731s2005 ag r 000 0 spa d | ||
| 020 | _a950581240X | ||
| 035 | _aUPN01000185752 | ||
| 049 | _aCG | ||
| 050 | 4 |
_aPQ7798.1 L6.6 _bU4.7 |
|
| 100 | 1 |
_aAlonso, María Cristina, _d1955- _930692 |
|
| 245 | 1 | 0 |
_aÚltimo foco / _cMaría Cristina Alonso ; il. Omar Francia. |
| 260 |
_aBuenos Aires : _bColihue, _c2005. |
||
| 300 |
_a109 p. : _bil. |
||
| 440 | 0 |
_aLa movida. _pNovela |
|
| 650 | 4 |
_aNovela argentina _ySiglo XX _915400 |
|
| 650 | 4 |
_aDETECTIVES - _vLITERATURA JUVENIL _910860 |
|
| 650 | 4 |
_aDELINCUENTES - _vNOVELA _916627 |
|
| 905 | _aLibro | ||
| 999 |
_c157855 _d157855 |
||